| 000 | 00717cam a2200181 i 4500 | ||
|---|---|---|---|
| 005 | 20251210114744.0 | ||
| 008 | 250721s2011 ua gr 000 0 ara d | ||
| 082 | 1 | 4 |
_a216.399 _bش ع ر |
| 100 | 1 |
_aالشعراوي، محمد متولي _eمؤلف. |
|
| 245 | 1 | 0 |
_aأحكام الجنائز / _cلفضيلة الإمام محمد متولي الشعراوي ؛ أعده وعلق عليه وقدم له عبد الرحيم محمد متولي الشعراوي. |
| 264 | 3 | 1 |
_aالقاهرة : _bدار التوفيقية، _c2011. |
| 300 | _a280 صفحة. | ||
| 650 | 1 | 7 | _aالجنائز. |
| 650 | 1 | 7 | _aالأحكام |
| 650 | 1 | 7 | _aالفقه الإسلامي. |
| 942 |
_2ddc _cBK |
||
| 999 |
_c133014 _d133014 |
||